000
00304nam a22000977a 4500
008
150618b xxu||||| |||| 00| 0 eng d
010
_8
HCCRSF:003
245
_a
HIGH COURT CRIMINAL SESSION NO.59 OF 1969 Uganda Vs John Acire
260
_a
High Court Kampala
500
_3
BEFORE: Hon. Mr. Justice L.P. Saldanha
999
_c
6398
_d
6398